Responses for show #3115 - Friday, February 27, 1998

Chris Ward game 4.

Contestants

[<< previous game]

John Fedoryn, an advertising advisor from Chicago, Illinois

Stephanie Thomas, an attorney from Decatur, Georgia

Chris Ward, a foreign service officer from Lima, Peru (whose 3-day cash winnings total $41,102)

[next game >>]

Jeopardy! Round responses

CREATURES OF THE WILD
WORLD CAPITALS
THE 1980s
THE TONYS
HELL-O JELL-O
CROSSWORD CLUES "F"
    $100 22
(John: What is an ostrich?)

a giraffe

ChrisJohn
    $100 2
Havana

Chris
    $100 3
a computer

Chris
    $100 1
Tony Orlando

Stephanie
    $100 11
(Stephanie: What's 50th?)

100th

ChrisStephanie
    $100 14
Frost

Stephanie
    $200 23
an armadillo

John
    $200 5
Madrid

John
    $200 4
South Africa

Stephanie
    $200 19
Tony Gwynn

Triple Stumper
    $200 12
Bill Cosby

Stephanie
    $200 15
frugal

Stephanie
    $300 25
a possum

Triple Stumper
    $300 6
Kingston

Chris
    $500 7
Tears for Fears

Chris
    $300 20
Tony Roma

Chris
    $300 16
flea

Stephanie
    $400 26
the dwarf gobi

Triple Stumper
    $400 9
Bangkok

Chris
    $400 8
(General) Noriega

John
    $400 21
(Anthony) Kennedy

Stephanie
    $400 17
fetching

Triple Stumper
    $500 27
(John: What's an ibex?)
...
[The end-of-round signal sounds.]

the Barbary ape

John
Triple Stumper
    $500 13
(Stephanie: What's Oslo?)
(John: What is Helsinki?)
(Chris: What is Stockholm?)
(Alex: No, you had to go to an island. You had to Iceland to come up with [*], the hot springs from all the hot waters; that's how they heat the island.)

Reykjavik

ChrisStephanieJohn
Triple Stumper
    $500 10
Abbie Hoffman

Triple Stumper
    $500 24
the CIA

Chris
    $500 18
flower child

Chris

Scores at the first commercial break (after clue 12):

Chris Stephanie John
$1,500 $400 $600

Scores at the end of the Jeopardy! Round:

Chris Stephanie John
$2,400 $900 -$300

Double Jeopardy! Round responses

INTERNATIONAL STARS
AMERICAN LITERATURE
ISLANDS
WOMEN'S FIRSTS
GOOD SPORTS
CITY QUOTES
    $200 2
Selena

Chris
    $200 3
The Red Badge of Courage

John
    $200 1
Ireland

Chris
    $200 13
Arlington National Cemetery

Chris
    $200 26
Wayne Gretzky

Stephanie
    $200 17
London

John
    $400 10
Isabella Rossellini

Stephanie
    $400 6
East of Eden

Chris
    $400 4
Easter Island

Stephanie
    $400 22
the Olympic torch (or flame)

Chris
    $400 27
the Orlando Magic

John
    $400 18
Rome

Chris
    $600 14
Riga

John
    $600 7
The Natural

Chris
    $600 5
Hispaniola

Chris
    $600 23
(Chris: [Without being called] Who is Dolley Madison?)
(Alex: Someone has to ring in. John?)
(John: Who is Dolley Madison?)
(Alex: Sorry, incorrect.)
[Laughter]
(Chris: Sorry, sorry.)
(Stephanie: I was going for it, too.)
(Alex: Chris or Stephanie?)
[Chris's podium lights up, but he doesn't notice.]
(Alex: Chris. You just rang in.)
(Chris: Did I? Well, I mistakenly did so, because I have no idea in the world who she is.)
[Laughter]
(Alex: Oh, that's too bad...)
(Chris: It sure is, it sure is.)
(Alex: ...because it's going to cost you 600 bucks. If you had known "Who is [*]?", then you'd have picked up the money instead of losing it. Select again, Chris.)
(Chris: Confusion reigns.)

Martha Washington

ChrisJohn
Triple Stumper
    $600 28
[The end-of-round signal sounds.]

the Packers

John
    $600 19
(Chris: What is Salzburg?)

Vienna

ChrisStephanie
    $800 15
Liv Ullmann

Chris
    $800 8
World's Fair

Chris
    $1,000 11
(Alex: That's right. I could see the wheels turning! Well done. Good thought process.)

Lesbos

Stephanie
    $800 24
(Nancy) Kassebaum

Chris
    $800 20
Paris

Stephanie
    $1000 16
Melina Mercouri

Chris
    $1000 9
Ragged Dick

Triple Stumper
    $1000 12
Kyushu

Stephanie
    $1000 25
(John: Who is Shalala?)

Dee Dee Myers

StephanieJohn
    $1000 21
James Joyce

John

Scores at the end of the Double Jeopardy! Round:

Chris Stephanie John
$7,600 $6,300 $1,100

[wagering suggestions for these scores]

Final Jeopardy! Round responses

TELEVISION BIOGRAPHIES
(Alex: John, what did you write down? "Who is Laurence Welk?" [In accent] A-one, a-two, sorry, that's-a-wrong-a. A-wonderful, a-wonderful, you lose only $100. Lets go to the middle, now, Stephanie Thomas had $6,300. She wrote down: "Who is me?" Sorry, me. How much did it cost you? $5200. Leaving you with $1100. Now we go to Chris Ward. What did he write down? "Submitted for your approval"--"Who is Rod Serling?" The Twilight Zone. You are correct. Once again.)
JohnWho is Laurence Welk?
$100
StephanieWho is me?
$5,200
ChrisWho is Rod Serling?
$5,001
Rod Serling

Final scores:

Chris Stephanie John
$12,601 $1,100 $1,000
4-day champion: $53,703 2nd place: Sears Gift Certificates 3rd place: Sears Gift Certificates

Game dynamics:

Coryat scores:

Chris Stephanie John
$7,400 $6,100 $1,100
22 R
(including 1 DD),
3 W
15 R
(including 1 DD),
2 W
9 R,
5 W

Combined Coryat: $14,600

The J! Archive is created by fans, for fans. Scraping, republication, monetization, and malicious use prohibited; this site may use cookies and collect identifying information. See terms. The Jeopardy! game show and all elements thereof, including but not limited to copyright and trademark thereto, are the property of Jeopardy Productions, Inc. and are protected under law. This website is not affiliated with, sponsored by, or operated by Jeopardy Productions, Inc. Join the discussion at JBoard.tv.